LGBT Pride Parades in the U.S. Quiz Stats

 Plays Quiz not verified by Sporcle

Support Sporcle.
Go Orange.
Score 0/30 Timer 06:00
0 Plays Today
Superlative City % Correct
Longest RunningNew York City
99%
LargestNew York City
99%
Longest RunningLos Angeles
95.7%
Longest RunningChicago
95.7%
LargestChicago
95.7%
LargestLos Angeles
95.7%
Longest RunningSan Francisco
93.7%
LargestSan Francisco
93.7%
Longest RunningBoston
91.3%
LargestBoston
91.3%
Longest RunningAtlanta
90.8%
Longest RunningSeattle
89.9%
LargestSeattle
89.9%
Longest RunningSan Diego
87.9%
LargestSan Diego
87.9%
Superlative City % Correct
Longest RunningPortland, OR
86%
LargestDenver
85.5%
LargestHouston
83.6%
LargestNew Orleans
80.2%
Longest RunningBaltimore
78.7%
LargestMinneapolis
77.3%
Longest RunningProvidence
76.8%
LargestColumbus
76.3%
Longest RunningDes Moines
74.9%
Longest RunningAlbuquerque
68.1%
LargestSt. Louis
65.7%
Longest RunningIowa City
43.5%
LargestLong Beach
43.5%
LargestWashington, DC
39.6%
Longest RunningSanta Cruz
10.6%

You're not logged in!

Compare scores with friends on all Sporcle quizzes.
OR
Log In

From the Vault

'70s Movies by Cast

by MSUKent

If you ever want to sound crazy in the '70s, just start talking about e-cigarettes, the cloud, and Kim Kardashian's app.
Remove Ads.
Support Sporcle.
Get the best of Sporcle when you Go Orange. This ad-free experience offers more features, more stats, and more fun while also helping to support Sporcle. Thank you for becoming a member.

Show Comments

Extras

Created Feb 22, 2011ReportNominate
Tags:Gay, lgbt, parade

Top Quizzes Today


Score Distribution

Your Account Isn't Verified!

In order to create a playlist on Sporcle, you need to verify the email address you used during registration. Go to your Sporcle Settings to finish the process.

Report this User

Report this user for behavior that violates our Community Guidelines.

Details: